AU LIBRARIES
Centralized Library System Across Seven Campuses

Wiley IFRS 2014: (Record no. 47477)

MARC details
000 -LEADER
fixed length control field 00544nam a22001817a 4500
005 - DATE AND TIME OF LATEST TRANSACTION
control field 20260504110438.0
008 - FIXED-LENGTH DATA ELEMENTS--GENERAL INFORMATION
fixed length control field 260504b |||||||| |||| 00| 0 eng d
020 ## - INTERNATIONAL STANDARD BOOK NUMBER
ISBN 978-1-118-73409-4
082 ## - DEWEY DECIMAL CLASSIFICATION NUMBER
Classification number 657.3
Author Mark MAC-W
100 ## - MAIN ENTRY--AUTHOR
Author Name Mackenzie, Bruce
245 ## - TITLE STATEMENT
Title Wiley IFRS 2014:
Sub-Title Interpretation and Application of International Financial Reporting Standards
260 ## - PUBLICATION, DISTRIBUTION, ETC.
Place of Publication New Jersey
Name of publisher, distributor, etc. John Wiley & Sons, Inc.
Date of publication, distribution, etc. 2014
300 ## - PHYSICAL DESCRIPTION
Pages 1067 p.
500 ## - GENERAL NOTE
General note Includes Index.
650 ## - SUBJECT ADDED ENTRY--TOPICAL TERM
Subject / Department Financial accounting
650 ## - SUBJECT ADDED ENTRY--TOPICAL TERM
Subject / Department Accounting
942 ## - ADDED ENTRY ELEMENTS (KOHA)
Koha item type Book
Holdings
Withdrawn status Lost status Damaged status Not for loan Collection code Permanent Location Current Location Shelving Location Date acquired Source of acquisition Price Inventory number Total Checkouts Full Call Number Accession No./Barcode Date last seen Koha item type
        Accounting Air University Kharian Campus Library Air University Kharian Campus Library Finance 04/09/2026 Ali Book Services 5560.00 KA/10221   657.3 MAC-W AUKHP0622 05/04/2026 Book
        Accounting Air University Kharian Campus Library Air University Kharian Campus Library Finance 04/09/2026 Ali Book Services 5560.00 KA/10221   657.3 MAC-W AUKHP0623 05/04/2026 Book
Air University Sector E-9, Islamabad Pakistan
Email: librarian@au.edu.pk  Tel : +0092 51 9262612 Ext: 631